Countries Least Similar To North Korea - Statistics

General Stats
  • This quiz has been taken 51 times
  • The average score is 10 of 20
Answer Stats
Rank Country Score % Correct
3 United States 41.1
95%
3 Canada 41.1
91%
12 United Kingdom 43.9
79%
17 Germany 44.3
77%
14 Norway 44.1
77%
12 Finland 43.9
74%
1 Australia 39.9
67%
8 New Zealand 42.9
65%
7 Ireland 42.8
58%
2 Iceland 41.0
56%
20 Netherlands 44.7
53%
5 Switzerland 42.2
53%
14 Israel 44.1
47%
14 Qatar 44.1
30%
17 Saudi Arabia 44.3
30%
19 Kuwait 44.6
23%
11 Oman 43.8
23%
9 Bahrain 43.4
16%
6 Bahamas 42.6
14%
9 Trinidad and Tobago 43.4
2%
No matching quizzes found
Score Distribution
Percent of People with Each Score
Percentile by Number Answered
Your Score History
You have not taken this quiz